| 000 | 00632nam a22001817a 4500 | ||
|---|---|---|---|
| 999 |
_c186421 _d186421 |
||
| 005 | 20220228112341.0 | ||
| 010 | _aENG-131824 | ||
| 020 |
_a9789388096362 _c499.00 |
||
| 035 | _aEN-115356 | ||
| 037 | _bDBAD/PUB | ||
| 082 | _a004 | ||
| 100 | _aPatra, P. Santosh Kumar | ||
| 245 |
_aA to Z about Computer: _bFundamentals of Computers and Abbreviations/ _cP. Santosh Kumar Patra |
||
| 260 |
_aHyderabad _bSevenHills International Publishers _c2021 |
||
| 270 |
_bHyderabad _a# 326/C, Level-2, Surneni Nilayam Near B K Guda Park, S R Nagar _e500038 |
||
| 300 |
_avii, 416p. _c24cm(pbk) |
||
| 942 |
_2ddc _cEN _h004 _mPAT |
||